000 00980nam a22001697a 4500
008 250618b |||||||| |||| 00| 0 eng d
040 _ctbs
041 _ager
_aeng
100 _aPurrucker, Dirk
_925508
_eauthor
245 _aGerman swearing
_b: top German insults and how to use them
_c/ Dirk Purrucker.
260 _a[Place of publication not identified] :
_b[Publisher not identified],
_c[date of publication not identified].
300 _a10 pages ;
_c23 cm.
520 _aIf you've ever wanted to find out if German swearing is as mean as it can sound, you have found your book. Including dozens of commonly used swear words and phrases used all across Germany, you will be exposed to an overview of dozens of most common German swear words, examples and light social commentary. This book is a must for any German swearing fan.
650 0 _aGerman language
_vConversation and phrase books
_xEnglish
_925335
650 0 _aGerman language
_xSelf-instruction
_924644
942 _2lcc
999 _c4765
_d4765